000 00487nam a2200157 a 4500
001 000032656
005 20200930065747.0
008 110725s1950 dr 000 0 spa d
040 _aDO-SdBNP
_bspa
_cBNPHU
082 _axxxx
_bL473
100 1 _aLedesma Piedra ., J. Bienvenido
_958542
245 1 0 _aTrujillo y el seguro social. /
_cJ. Bienvenido Ledesma Piedra.
260 _aCiudad Trujillo, República Dominicana, :
_bDominicana,
_c1950.
300 _a32 p. ;
_c24 cm.
049 _aBNPD
999 _c32147
_d32147